| 000 | 00784nam a22002057a 4500 | ||
|---|---|---|---|
| 003 | JO-AjAnu | ||
| 005 | 20250930094633.0 | ||
| 008 | 250929b jo ||||| |||| 00| 0 ara d | ||
| 020 | _a978-9957-19-094-1 | ||
| 022 | _a6326/11/2024 | ||
| 040 |
_aANU _cJO-AjAnu |
||
| 041 | _hARA | ||
| 100 |
_a عبد الخالق، غسان إسماعيل _964570 _eمؤلف |
||
| 245 |
_aتوظيف النصوص الأدبية في المناهج الدراسية : (حلقة نقاشية) / _cغسان اسماعيل عبد الخالق |
||
| 250 | _aط1 | ||
| 260 |
_aعمان : _bمؤسسة عبد الحميد شومان، _c2024 |
||
| 300 | _a199 صفحة | ||
| 650 | _vتطوير المناهج-النصوص الأدبية-المناهج-اللغة العربية | ||
| 942 |
_2lcc _cBK _n0 |
||
| 999 |
_c34015 _d34015 |
||